000 00666nam a2200241 i 4500
005 20260322212011.0
008 data
010 _a 78053971
020 _a0873581768 :
_c{dollar}25.00
020 _a9780873581769 :
_c{dollar}25.00
040 _aDLC
_cDLC
_dDLC
050 0 0 _aTR654
_b.G673
082 0 0 _a779/.092/4
092 _a779 G673 1978
100 1 _aGore, Art,
_d1926-
245 1 0 _aSpeak softly to the echoes /
_cArt Gore.
250 _a1st ed.
260 _aFlagstaff, Ariz. :
_bNorthland Press,
_cc1978.
300 _aix, 104 p., [1] leaf of plates :
_bcol. ill. ;
_c24 x 32 cm.
650 0 _aPhotography, Artistic.
650 0 _aNostalgia.
001 data
999 _c225
_d225